| 000 | 00000nam 2200000zi 4500 |
| 001 | 9.915338 |
| 003 | CaOODSP |
| 005 | 20221116123105 |
| 006 | m o d f |
| 007 | cr cn||||||||| |
| 008 | 220912t20222022onca o f000 0 eng d |
| 020 | |a9780660454313 |
| 040 | |aCaOODSP|beng|erda|cCaOODSP |
| 043 | |an-cn--- |
| 086 | 1 |aCS92-179/2021-1E-PDF |
| 245 | 00|aCensus forward sortation area boundary file, reference guide, census year 2021. |
| 264 | 1|a[Ottawa] : |bStatistics Canada = Statistique Canada, |c2022. |
| 264 | 4|c©2022 |
| 300 | |a1 online resource (13 pages) : |bcolour illustrations |
| 336 | |atext|btxt|2rdacontent |
| 337 | |acomputer|bc|2rdamedia |
| 338 | |aonline resource|bcr|2rdacarrier |
| 500 | |aIssued also in French under title: Fichier des limites des régions de tri d'acheminement censitaires, guide de référence, année de recensement 2021. |
| 500 | |a"Release date: September 21, 2022." |
| 500 | |aIssued also in HTML format. |
| 520 | |a"This reference guide is intended for users of the 2021 Census Forward Sortation Area Boundary File. The guide provides an overview of the file, the general methodology used to create it, and important technical information"--Page 4. |
| 650 | 0|aCensus districts|zCanada|vHandbooks, manuals, etc. |
| 651 | 0|aCanada|xCensus, 2021|vHandbooks, manuals, etc. |
| 655 | 7|aHandbooks and manuals|2lcgft |
| 710 | 2 |aStatistics Canada, |eissuing body. |
| 775 | 08|tFichier des limites des régions de tri d'acheminement censitaires, guide de référence, année de recensement 2021.|w(CaOODSP)9.915340 |
| 795 | |tCensus forward sortation area boundary file, reference guide |w(CaOODSP)9.813940 |
| 856 | 40|qPDF|s477 KB|uhttps://publications.gc.ca/collections/collection_2022/statcan/92-179-g2021001-eng.pdf |
| 856 | 4 |qHTML|sN/A|uhttps://www150.statcan.gc.ca/n1/pub/92-179-g/92-179-g2021001-eng.htm |
| 986 | |a92-179-G2021001 |